000 00679cam a2200205 4500
001 D16116
008 090401t1979 xxu||||| |||| 00| 0 eng d
035 _a(Sirsi) u27205
041 _aeng
050 _a711.14
110 _aRoyal Institution of Chartered Surveyors
_94900
245 _aRoad construction and compensation revisited- the case for change? Land Agency and Agriculture Division annual conference, held at the Connaught Rooms, London W.C.2, Wed. 17th Jan. 1979
260 _bRICS
_c1979
300 _a5 papers
350 _a0
520 _aFiled in Box 1979/1 ABC
710 _aLand Agency and Agriculture Division
_9773
942 _n0
948 _c04/03/1997
999 _c89073
_d89073